000 00699nas a2200229 i 4500
005 20170628144345.0
008 131127c19779999cu fr p 0 a0spa d
022 _a0138-7154
040 _aUkOxU
_cUkOxU
_dCO-BoIAVH
041 0 _aspa
044 _ack
090 _aSE
245 0 0 _aCiencias biológicas
260 _aLa Habana (Cuba) :
_bAcademia de Ciencias de Cuba,
_c1977-.
300 _bilustraciones ;
_c25 x 20 cm
310 _af
546 _aResúmenes en inglés.
650 2 6 _aBiología
_zCuba
_vPublicaciones periódicas
650 2 6 _aCiencias biológicas
_zCuba
_vPublicaciones periódicas
710 2 _aAcademia de Ciencias de Cuba
942 _2z
_cREVISTA
_s1
999 _c19687
_d19687